[Event "Reykjavik op"]
[Site "Reykjavik"]
[Date "2018.03.10"]
[Round "5"]
[White "Hjaltason, Magnus"]
[Black "Steingrimsson, Karl Egill"]
[Result "1/2-1/2"]
[WhiteElo "1281"]
[BlackElo "1659"]
[PlyCount "64"]
[EventDate "2018.03.06"]
[EventType "swiss"]
[EventRounds "9"]
[EventCountry "ISL"]
[SourceTitle "CBM 183 Extra"]
[Source "ChessBase"]
[SourceDate "2018.04.19"]
[SourceVersion "1"]
[SourceVersionDate "2018.04.19"]
[SourceQuality "1"]

1. e4 e6 2. d4 b6 3. Nc3 Bb7 4. Nf3 Be7 5. Be2 d6 6. 0-0 Nf6 7. e5 Nd5 8. Nxd5 Bxd5 9. exd6 Bxd6 10. Be3 0-0 11. Rc1 Nd7 12. c3 Bb7 13. Qd2 Rc8 14. Rfd1 c6 15. Qd3 Qc7 16. g3 Nf6 17. Bg5 Be7 18. Bf4 Qd7 19. Qd2 h6 20. Bf1 Bd6 21. Be5 Qe7 22. Bg2 Rfd8 23. Qe2 Rd7 24. Rd2 Rcd8 25. Rcd1 Ne8 26. b4 Nc7 27. Qe1 Nd5 28. c4 Nxb4 29. Rb1 Na6 30. Rdb2 f6 31. Bxd6 Qxd6 32. c5 Qe7 1/2-1/2

[Event "Reykjavik op"]
[Site "Reykjavik"]
[Date "2017.04.25"]
[Round "8"]
[White "Steingrimsson, Karl Egill"]
[Black "Muhr, Andreas"]
[Result "1-0"]
[WhiteElo "1664"]
[BlackElo "1801"]
[PlyCount "75"]
[EventDate "2017.04.19"]
[EventType "swiss"]
[EventRounds "10"]
[EventCountry "ISL"]
[SourceTitle "CBM 178 Extra"]
[Source "ChessBase"]
[SourceDate "2017.06.22"]
[SourceVersion "1"]
[SourceVersionDate "2017.06.22"]
[SourceQuality "1"]

1. Nf3 d6 2. d4 Bg4 3. e3 Nd7 4. h3 Bh5 5. Be2 c6 6. Nbd2 Ngf6 7. c4 e6 8. b3 a5 9. a4 d5 10. 0-0 Bd6 11. Ne1 Bg6 12. Bd3 Bb8 13. Bxg6 hxg6 14. f4 Qc7 15. Nef3 Ba7 16. Bb2 Nh5 17. Qe1 0-0-0 18. Rc1 Nxf4 19. exf4 Qxf4 20. c5 Qc7 21. Ng5 Bb8 22. Ndf3 Nf6 23. Bc3 Rh5 24. Bxa5 Qf4 25. Bd2 Qc7 26. Ne5 Rf8 27. b4 Rxg5 28. Bxg5 Ne4 29. Bf4 g5 30. Bh2 f5 31. b5 g6 32. Rc2 g4 33. Nxg4 f4 34. Ne5 g5 35. Qe2 Qg7 36. bxc6 Bxe5 37. cxb7+ Qxb7 38. dxe5 1-0

[Event "Reykjavik op"]
[Site "Reykjavik"]
[Date "2017.04.24"]
[Round "7"]
[White "Haile, Batel Goitom"]
[Black "Steingrimsson, Karl Egill"]
[Result "0-1"]
[WhiteElo "1197"]
[BlackElo "1664"]
[PlyCount "106"]
[EventDate "2017.04.19"]
[EventType "swiss"]
[EventRounds "10"]
[EventCountry "ISL"]
[SourceTitle "CBM 178 Extra"]
[Source "ChessBase"]
[SourceDate "2017.06.22"]
[SourceVersion "1"]
[SourceVersionDate "2017.06.22"]
[SourceQuality "1"]

1. e4 d6 2. d4 Nf6 3. Nc3 h6 4. Nf3 Bg4 5. Be2 e6 6. h3 Bh5 7. Bf4 Nbd7 8. Qd2 a5 9. a4 Be7 10. 0-0 0-0 11. Rfe1 c5 12. e5 Ne8 13. exd6 Bxd6 14. Bxd6 Nxd6 15. dxc5 Bxf3 16. Bxf3 Nc4 17. Qd4 Nxb2 18. c6 Nf6 19. Qc5 bxc6 20. Bxc6 Rc8 21. Qb5 Qc7 22. Ne4 Nxe4 23. Bxe4 Nc4 24. Qh5 Rfd8 25. Bd3 Nb2 26. Bb5 Rd5 27. Qg4 Rc5 28. Bd3 Nxd3 29. cxd3 Qd7 30. Red1 Rd5 31. Ra3 Rd8 32. Qe4 Rd4 33. Qe3 Rxa4 34. Rxa4 Qxa4 35. Rc1 Qb3 36. d4 Qb2 37. Rd1 a4 38. Rd3 Rb8 39. Rc3 Qb1+ 40. Kh2 Qb7 41. Rc4 Qa6 42. Rc1 Rb3 43. Qd2 a3 44. Ra1 Rb2 45. Qe1 a2 46. g3 Qa3 47. Kg2 Qb3 48. Qa5 Qc2 49. h4 Qxf2+ 50. Kh3 Qh2+ 51. Kg4 f5+ 52. Kh5 Qe2+ 53. Kg6 Qg4# 0-1

[Event "Reykjavik op"]
[Site "Reykjavik"]
[Date "2014.03.08"]
[Round "6"]
[White "Finnsson, Johann Arnar"]
[Black "Steingrimsson, Karl Egill"]
[Result "0-1"]
[WhiteElo "1471"]
[BlackElo "1663"]
[PlyCount "56"]
[EventDate "2014.03.04"]
[EventType "swiss"]
[EventRounds "10"]
[EventCountry "ISL"]
[SourceTitle "CBM 159 Extra"]
[Source "ChessBase"]
[SourceDate "2014.04.24"]
[SourceVersion "1"]
[SourceVersionDate "2014.04.24"]
[SourceQuality "1"]

1. e4 c5 2. g3 Nc6 3. Nc3 e5 4. Nge2 Nf6 5. Bg2 Be7 6. d3 0-0 7. 0-0 d6 8. f4 Bg4 9. Qe1 Qd7 10. f5 Bxe2 11. Nxe2 h6 12. Bd2 Rac8 13. Qc1 Kh7 14. Qe1 b5 15. c3 d5 16. exd5 Nxd5 17. Nc1 Nf6 18. Bxc6 Rxc6 19. Qxe5 Re8 20. Qf4 a5 21. d4 cxd4 22. cxd4 Bd6 23. Qf3 Bc7 24. Nb3 a4 25. Nc5 Qxd4+ 26. Rf2 Rxc5 27. Rd1 Rd5 28. Rc1 Bb6 0-1

[Event "Reykjavik op"]
[Site "Reykjavik"]
[Date "2014.03.07"]
[Round "5"]
[White "Steingrimsson, Karl Egill"]
[Black "Birkisson, Bardur Orn"]
[Result "1/2-1/2"]
[WhiteElo "1663"]
[BlackElo "1475"]
[PlyCount "50"]
[EventDate "2014.03.04"]
[EventType "swiss"]
[EventRounds "10"]
[EventCountry "ISL"]
[SourceTitle "CBM 159 Extra"]
[Source "ChessBase"]
[SourceDate "2014.04.24"]
[SourceVersion "1"]
[SourceVersionDate "2014.04.24"]
[SourceQuality "1"]

1. Nf3 d5 2. d4 Nf6 3. Nc3 Bf5 4. e3 e6 5. Bd3 Bxd3 6. Qxd3 c6 7. 0-0 Bd6 8. e4 dxe4 9. Nxe4 Nxe4 10. Qxe4 h6 11. c4 0-0 12. Be3 Nd7 13. h3 Nf6 14. Qc2 Qc7 15. Qc1 Rad8 16. c5 Be7 17. b4 Nd5 18. Rb1 Bf6 19. Rd1 Rfe8 20. Qb2 e5 21. dxe5 Bxe5 22. Nxe5 Qxe5 23. Qxe5 Rxe5 24. Bd4 Re2 25. Rb2 Rde8 1/2-1/2